000 00487nam a2200181Ia 4500
003 OSt
005 20260117110112.0
008 210210b1934 xxu||||| |||| 00| 0 eng d
040 _cAL
041 _aKannada
082 _a859/415
100 _aKRASHNA SHASTRI (J)
_9149083
_dಕೃಷ್ಣ ಶಾಸ್ತ್ರಿ
245 _aPraphulle:
_bಪ್ರಫುಲ್ಲೇ
260 _aBengaluru
_b-
_c1934
690 _aKannada Fiction
_9149084
906 _a021285
942 _2ddc
_cBK
999 _c145349
_d145349